LIBRARY & INFORMATION CENTRE, KCAET, TAVANUR

ONLINE PUBLIC ACCESS CATALOGUE (OPAC)

Alternatives to plastic mulch under micro sprinkler irrigation (Record no. 15132)

MARC details
000 -LEADER
fixed length control field 00712nam a22002057a 4500
003 - CONTROL NUMBER IDENTIFIER
control field OSt
088 ## - REPORT NUMBER
Report number P 217
100 ## - MAIN ENTRY--AUTHOR NAME
Personal name TINCY T. J
245 ## - TITLE STATEMENT
Title Alternatives to plastic mulch under micro sprinkler irrigation
260 ## - PUBLICATION, DISTRIBUTION, ETC. (IMPRINT)
Place of publication Tavanur 2010
Name of publisher Department of Irrigation and Drainage Engineering
300 ## - PHYSICAL DESCRIPTION
Number of Pages 43
500 ## - GENERAL NOTE
General note Alternatives to plastic mulch under micro sprinkler irrigation
520 ## - SUMMARY, ETC.
Summary, etc Alternatives to plastic mulch under micro sprinkler irrigation
700 ## - ADDED ENTRY--PERSONAL NAME
Personal name Veena T. S
700 ## - ADDED ENTRY--PERSONAL NAME
Personal name Vidhya A. K
700 ## - ADDED ENTRY--PERSONAL NAME
Personal name Er. Asha Joseph (Guide)
856 ## - ELECTRONIC LOCATION AND ACCESS
Uniform Resource Identifier https://drive.google.com/open?id=10aOKl5IWqm9fV2v550nOMhlAGvF_zw4y
942 ## - ADDED ENTRY ELEMENTS (KOHA)
Koha item type Project Report
Holdings
Collection code Home library Current library Shelving location Full call number Accession Number Koha item type
Reference KAUAET KAUAET Reference 631.587 TIN/AL P 217 Project Report
free website counter